Ninho ou Niska ? - Statistiques

Statistiques générales
  • Ce quiz a été pris 406 fois
  • Le résultat moyen est 5 sur 10
Statistiques - réponses
Question Réponse % Correct
L'un de ses albums est "Commando" Niska
93%
S'appelle en réalité William Ninho
85%
A le plus d'auditeurs sur Spotify en juillet 2025 Ninho
82%
A fait parti d'un groupe Niska
76%
Est né en 1996 Ninho
53%
Est l'auteur de la chanson "AhGars!" Aucun
48%
A collaboré avec Dinos Ninho
39%
Est apparu dans une série télévisée Ninho
20%
A sorti 5 albums studios Aucun
17%
A une double nationalité Ninho
9%
Aucun quiz correspondant
Distribution des résultats
% des personnes avec chaque résultat
Percentile par nombre de réponses
Votre historique - résultats
Vous n’avez pas pris ce quiz